| 000 | 01619cam a2200373 a 4500 | ||
|---|---|---|---|
| 001 | 4965890 | ||
| 003 | ARRUPE | ||
| 005 | 20131126111630.0 | ||
| 008 | 970502s1997 nyu 000 0aeng d | ||
| 010 | _a 97071922 | ||
| 020 | _a0375401156 | ||
| 035 | _a(OCoLC)36896594 | ||
| 040 |
_aTM _cTM _dNBuBE _dDLC |
||
| 041 | 1 |
_aeng _hfre |
|
| 042 | _alccopycat | ||
| 043 | _ae-fr--- | ||
| 050 | 0 | 0 | _aRC388.5 .B39513 1997 |
| 100 | 1 |
_aBauby, Jean-Dominique, _d1952-1997. _93785 |
|
| 240 | 1 | 0 |
_aScaphandre et le papillon. _lEnglish |
| 245 | 1 | 4 |
_aThe diving bell and the butterfly / _cJean-Dominique Bauby ; translated from the French by Jeremy Leggatt. |
| 250 | _a1st U.S. ed. | ||
| 260 |
_aNew York : _bA.A. Knopf : _bDistributed by Random House, _c1997. |
||
| 300 |
_a131 p. ; _c20 cm. |
||
| 500 | _aTranslation of Le scaphandre et le papillon. | ||
| 600 | 1 | 0 |
_aBauby, Jean-Dominique, _d1952-1997 _xHealth. _93786 |
| 650 | 0 |
_aCerebrovascular disease _xPatients _zFrance _xBiography. _93787 |
|
| 651 | 0 |
_aPeriodical editors _zFrance _xBiography. _93788 |
|
| 856 | 4 | 2 |
_3Contributor biographical information _uhttp://www.loc.gov/catdir/bios/random058/97071922.html |
| 856 | 4 | 1 |
_3Sample text _uhttp://www.loc.gov/catdir/samples/random043/97071922.html |
| 856 | 4 | 2 |
_3Publisher description _uhttp://www.loc.gov/catdir/description/random047/97071922.html |
| 906 |
_a7 _bcbc _ccopycat _d2 _eopcn _f19 _gy-gencatlg |
||
| 942 |
_2lcc _cMONOGRAPH |
||
| 999 |
_c118671 _d118671 |
||